| 000 | 00635nam a2200205 i 4500 | ||
|---|---|---|---|
| 001 | 146784 | ||
| 003 | ES-MaACL | ||
| 005 | 20230906201653.0 | ||
| 007 | t| | ||
| 008 | 070917s1973 sp ||||1| spa d | ||
| 100 | 1 |
_aTroncoso de Castro, Antonio. _9111503 |
|
| 245 | 1 | 0 |
_aGeografía turística de España / _cAntonio Troncoso de Castro, Pilar Reigada de Pablo. |
| 250 | _a[2ª ed.]. | ||
| 260 |
_aValladolid : _bInsade, _c[1973] |
||
| 300 |
_a510 p. ; _c24 cm. |
||
| 500 | _aEs el v. 2º. | ||
| 700 | 1 |
_aReigada de Pablo, Mª del Pilar. _996004 |
|
| 852 |
_aES-MaACL _jC-55066 _bR.87959 |
||
| 852 |
_aES-MaACL _jC-55579 _bR.88382 |
||
| 999 |
_c146784 _d146784 |
||